00709nam a2200181Ia 4500952010100000952010100101999001700202008004100219020001800260050002000278100002000298245008400318260003200402300001800434519004100452650002200493942001200515 00102lcc4070a01b01d2022-10-07l0oGV529 K67 1982p16 002401r2023-07-12t1w2022-10-07yLB 00102lcc4070a01b01d2022-10-07l0oGV529 K67 1982p16 002402r2023-07-12t2w2022-10-07yLB c70946d70946120626s9999 xx 000 0 und d a968-24-1198-X aGV529bK67 1982 aKOVACI, Nicolae aSaltos en gimnasiab: técnicas y métodos de enseñanzac/ Nicolae Kovaci aMéxicob: Trillasc, 1982 a143 p.b: il. aMaterial complementario /d16 002401 a1. GimnasiaÌÌ 2lcccLB